LEADER 01307nam 2200361 450 001 9910711770303321 005 20190102085803.0 035 $a(CKB)5470000002486367 035 $a(OCoLC)1080576749 035 $a(EXLCZ)995470000002486367 100 $a20190102d2018 ua 0 101 0 $aeng 135 $aur||||||||||| 181 $ctxt$2rdacontent 182 $cc$2rdamedia 183 $acr$2rdacarrier 200 10$a2020 Census: additional steps needed to finalize readiness for peak field operations $ereport to congressional requesters 210 1$a[Washington, D.C.] :$cUnited States Government Accountability Office,$d2018. 215 $a1 online resource (ii, 33 pages) $cillustrations, color map 300 $a"December 2018." 300 $a"GAO-19-140." 320 $aIncludes bibliographical references. 517 $a2020 Census 606 $aCensus takers (Persons)$xTraining of$zUnited States 607 $aUnited States$xCensus, 2020$xPlanning 607 $aUnited States$xCensus, 2020$xCost effectiveness 615 0$aCensus takers (Persons)$xTraining of 801 0$bGPO 801 1$bGPO 906 $aBOOK 912 $a9910711770303321 996 $a2020 Census: additional steps needed to finalize readiness for peak field operations$93537833 997 $aUNINA LEADER 01328nam 2200445 450 001 9910796435103321 005 20211001234324.0 010 $a2-8062-7674-8 010 $a9782806276742 035 $a(CKB)3820000000020117 035 $a(MiAaPQ)EBC4466678 035 $a(Au-PeEL)EBL4466678 035 $a(CaPaEBR)ebr11191084 035 $a(OCoLC)946263476 035 $a(PPN)233410724 035 $a(EXLCZ)993820000000020117 100 $a20160515h20162016 uy 0 101 0 $afre 135 $aurcnu|||||||| 181 $2rdacontent 182 $2rdamedia 183 $2rdacarrier 200 10$aEn finir avec la procrastination $eTechniques et astuces pour ne plus reporter les tāches au lendemain /$fpar He?le?ne Nguyen Gateff 210 1$aBruxelles, [Belgium] :$c50Minutes,$d2016. 210 4$d©2016 215 $a1 online resource (29 pages) $cillustrations, tables 225 0 $aCoaching pro ;$vNumber 62 311 $a2-8062-7675-6 311 $a9782806276759 606 $aProcrastination 615 0$aProcrastination. 676 $a155.232 700 $aNguyen Gateff$b He?le?ne$01552857 801 0$bMiAaPQ 801 1$bMiAaPQ 801 2$bMiAaPQ 906 $aBOOK 912 $a9910796435103321 996 $aEn finir avec la procrastination$93818289 997 $aUNINA